000 00605nam a22002297a 4500
005 20170124110116.0
010 _a427507
020 _c00.00
035 _a427507
037 _bCen Lib/Ret
040 _aDPL
_bEN
082 _aS
_bVER
100 _aVerne, Jules
_926962
245 _aCarpathian castle /
_cby Jules Verne; edited by I.O. Evans
260 _bArco publications
_aLondon
_c1963
270 _bLondon
300 _a189p.
_c20cm(Hb)
650 _aEnglish literature
_930095
650 _aEnglish short stories
_928414
700 _930004
_aEvans, I.O.
942 _2ddc
_cEN
_hS
_mVER
999 _c130784
_d130784